Statistics for Quick Math #2

Click here to take the quiz!

General Stats

  • This quiz has been taken 32 times
  • The average score is 15 of 15

Answer Stats

EASY MATHAnswer% Correct
1-10
100%
2-3-1
100%
12x9108
100%
109+1110
100%
132+12144
100%
110+110220
100%
9x327
100%
12x336
100%
100-5050
100%
3+36
100%
2019-192000
96%
345+43388
96%
1+5069450695
96%
34+3468
96%
101009+101009202018
82%

Score Distribution

Percentile by Number Answered

Percent of People with Each Score

Your Score History

You have not taken this quiz